|
|
|
|
| LEADER |
00000cam a2200000 c 4500 |
| 001 |
1605450502 |
| 003 |
DE-627 |
| 005 |
20220605112337.0 |
| 007 |
tu |
| 008 |
131002s2012 xx ||||| 00| ||cze c |
| 020 |
|
|
|a 9788073803964
|9 978-80-7380-396-4
|
| 035 |
|
|
|a (DE-627)1605450502
|
| 035 |
|
|
|a (DE-576)394026071
|
| 035 |
|
|
|a (DE-599)BSZ394026071
|
| 035 |
|
|
|a (OCoLC)829661040
|
| 040 |
|
|
|a DE-627
|b ger
|c DE-627
|e rakwb
|
| 041 |
|
|
|a cze
|
| 100 |
1 |
|
|a Porada, Viktor
|4 aut
|
| 245 |
1 |
0 |
|a Kriminalistické stopy
|b teorie, metodologie, praxe
|c Viktor Porada; Jiří Straus
|
| 264 |
|
1 |
|a Plzeň
|b Čeněk
|c 2012
|
| 300 |
|
|
|a 506 S.
|b Ill., graph. Darst.
|
| 336 |
|
|
|a Text
|b txt
|2 rdacontent
|
| 337 |
|
|
|a ohne Hilfsmittel zu benutzen
|b n
|2 rdamedia
|
| 338 |
|
|
|a Band
|b nc
|2 rdacarrier
|
| 500 |
|
|
|a Zsfassung in engl. Sprache
|
| 650 |
|
0 |
|a Kriminalistické stopy
|
| 650 |
|
0 |
|a Criminalistic traces
|x Kolektivní monografie
|x Collective monographs
|
| 700 |
1 |
|
|a Straus, Jiří
|0 (DE-627)1374337919
|0 (DE-576)304337919
|4 aut
|
| 856 |
4 |
2 |
|u https://swbplus.bsz-bw.de/bsz394026071inh.htm
|m B:DE-576;DE-Frei85
|q application/pdf
|v 20140108101130
|x Verlag
|3 Inhaltsverzeichnis
|7 1
|
| 935 |
|
|
|a mkri
|
| 951 |
|
|
|a BO
|
| ELC |
|
|
|b 1
|
| LOK |
|
|
|0 000 xxxxxcx a22 zn 4500
|
| LOK |
|
|
|0 001 3112030265
|
| LOK |
|
|
|0 003 DE-627
|
| LOK |
|
|
|0 004 1605450502
|
| LOK |
|
|
|0 005 20131213134412
|
| LOK |
|
|
|0 008 131002||||||||||||||||ger|||||||
|
| LOK |
|
|
|0 040
|a DE-Frei85
|c DE-627
|d DE-Frei85
|
| LOK |
|
|
|0 852
|a DE-Frei85
|
| LOK |
|
|
|0 852 1
|m p
|9 00
|
| LOK |
|
|
|0 938
|k p
|
| LOK |
|
|
|0 939
|a 02-10-13
|b l01
|
| ORI |
|
|
|a SA-MARC-krimdoka001.raw
|